000 01217cam a2200349 a 4500
003 CHAP
005 20220329143306.0
008 080222s2006 mx a r 00010 spa d
010 _a94494
011 _a95466
020 _a9701512332
035 _a106092
040 _cCHAP
082 0 4 _a658
_bR8
100 1 _aRue, Leslie W.
_9100541
245 1 0 _aAdministración :
_bteoría y aplicaciones
_c/por Leslie W. Rue y Lloyd L. Byars
260 _aMéxico, D. F. :
_bAlfaomega,
_c2006
300 _axv, 562 p. :
_bilus., gráfs.
590 _aBATCH-UPD
_b10
_c20130110
_lUCH01
_h0646
590 _aBATCH-UPD
_b10
_c20130410
_lUCH01
_h0331
590 _aBATCH-UPD
_b10
_c20130913
_lUCH01
_h1936
590 _aCONVERSION
_b10
_c20130109
_lUCH01
_h1352
650 1 4 _aAdministración.
_9918
650 1 4 _aCalidad
_xControl de la.
_917484
650 1 4 _aProductividad.
_991868
700 1 _aByars, Lloyd L.
_916486
901 _aBK
942 _cLIBRO
949 _a658 R8Y
_bBC
_cLIBRO
_d33724002051033
_eLIBRO
_fc..2
_h109198
_i106092
_si
_t$208.00
949 _a658 R8Y
_bBC
_cLIBRO
_d33724002051074
_eLIBRO
_fc..3
_h109199
_i106092
_si
_t$ 208.00
949 _a658 R8Y
_bBC
_cLIBRO
_d33724002060637
_eLIBRO
_gI c/e.
_h96429
_i106092
_si
_t$151.00
999 _c94494
_d94494